000 00640nam a2200193Ia 4500
003 OSt
005 20260625103033.0
008 210210b1996 xxu||||| |||| 00| 0 eng d
040 _cAL
041 _aSanskrit
082 _aS491.5 RAJP
100 _aRAJASHEKHARAYYA (B) and SHIVARAJAPPA (S).
_dराजशेखरय्य (बि.) एवम् शिवराजप्प (एस्.)
_9265980
245 _aAnuvada chandrika.
_bअनुवादचन्द्रिका
260 _aMaisuru
_bShri Nagamale Jyothi Prakashana
_c1996
300 _a40
690 _aSanskrit Grammar
_9265981
906 _a059794
942 _2ddc
_cBK
999 _c106742
_d106742